000 00702nam a2200289Ia 4500
005 20260324140914.0
008 008 260324s9999 xx 000 0 eng d
020 _a9780203976456
037 _aEBOOK
040 _aCRL
040 _beng
040 _cCRL
041 _2eng
041 _aeng
084 _qCRL
100 _aSinclair Goodlad; Stephanie McIvor
_91206176
245 0 _aMuseum Volunteers
245 0 _bGood Practice in the Management of Volunteers
260 _bTaylor and Francis
260 _c1998
365 _a
365 _b230
856 _uhttp://www.taylorfrancis.com/books/9780203976456
942 _cEBOOK
999 _c1808719
_d1808719